000 00683nam a2200205Ia 4500
001 3622
003 GE_BSU
008 181216s||||||||xx |||||||||||||| ||und||
040 _cGE_BSU
080 _a811.161.1(075.4)
100 _aგოლეთიანი,გ.
245 _aრუსული ენის თვითმასწავლებელი
245 _cრედ.ვ.პეტრიაშვილი, მხატ.რედ.დ.დუნდუა.
260 _aთბ.
260 _bგამ–ბა საბჭ. საქართველო
260 _c1964
300 _a514გვ;20სმ.
653 _aრუსული ენა
942 _cBK
999 _c37650
_d37650